The long awaited child / Tracie Peterson.
A pregnant teen seems to give Tess an opportunity to have the child she could never have on her own, but things don't work out as Tess planned.
Record details
- ISBN: 9780764222900
- ISBN: 0764222902
- Physical Description: 270 pages ; 22 cm
- Publisher: Minneapolis : Bethany House, ©2001.
Search for related items by subject
| Subject: | Adoption > Fiction. Childlessness > Fiction. Foster parents > Fiction. Teenage pregnancy > Fiction. Juvenile delinquents > Fiction. |
| Genre: | Domestic fiction. Christian fiction. |
Available copies
- 1 of 1 copy available at scottsboropl.
Holds
- 0 current holds with 1 total copy.
Show Only Available Copies
| Location | Call Number / Copy Notes | Barcode | Shelving Location | Status | Due Date |
|---|---|---|---|---|---|
| scottsboropl | F Pet | 32269001009292 | Adult - Fiction | Available | - |
| LDR | 01252nam a2200349 a 4500 | ||
|---|---|---|---|
| 001 | 142831 | ||
| 003 | CONS | ||
| 005 | 20170228092727.0 | ||
| 008 | 001215s2001 mnu 000 1 eng | ||
| 010 | . | ‡a 00012968 | |
| 020 | . | ‡a9780764222900 ‡q(pbk.) | |
| 020 | . | ‡a0764222902 ‡q(pbk.) | |
| 035 | . | ‡a(CPomAG)LMN598334 | |
| 050 | 0 | 0. | ‡aPS3566.E7717 ‡bL66 2001 |
| 082 | 0 | 0. | ‡a813/.54 ‡221 |
| 100 | 1 | . | ‡aPeterson, Tracie. |
| 245 | 1 | 4. | ‡aThe long awaited child / ‡cTracie Peterson. |
| 260 | . | ‡aMinneapolis : ‡bBethany House, ‡c©2001. | |
| 300 | . | ‡a270 pages ; ‡c22 cm | |
| 336 | . | ‡atext ‡btxt ‡2rdacontent | |
| 337 | . | ‡aunmediated ‡bn ‡2rdamedia | |
| 338 | . | ‡avolume ‡bnc ‡2rdacarrier | |
| 520 | . | ‡aA pregnant teen seems to give Tess an opportunity to have the child she could never have on her own, but things don't work out as Tess planned. | |
| 650 | 0. | ‡aAdoption ‡vFiction. | |
| 650 | 0. | ‡aChildlessness ‡vFiction. | |
| 650 | 0. | ‡aFoster parents ‡vFiction. | |
| 650 | 0. | ‡aTeenage pregnancy ‡vFiction. | |
| 650 | 0. | ‡aJuvenile delinquents ‡vFiction. | |
| 655 | 7. | ‡aDomestic fiction. ‡2lcgft | |
| 655 | 7. | ‡aChristian fiction. ‡2gsafd | |
| 959 | . | ‡i32269001009292 ‡lF Pet ‡aAdult - Fiction ‡tFiction ‡g10.00 | |
| 852 | . | ‡p32269001009292 ‡jF Pet ‡gAdult - Fiction ‡cFiction ‡y10.00 ‡bSBPL | |
| 901 | . | ‡a142831 ‡bUnknown ‡c142831 ‡tbiblio | |